[Event "ch-FRA Blitz Online Qual"]
[Site "Europe-Chess INT"]
[Date "2020.05.16"]
[Round "8"]
[White "Rebut, Paul"]
[Black "Bassini, Emile"]
[Result "0-1"]
[WhiteElo "1966"]
[BlackElo "2288"]
[WhiteFideId "45111057"]
[BlackFideId "26084074"]
[EventDate "2020.05.16"]

1. d4 Nf6 2. Bf4 e6 3. e3 d6 4. Nf3 b6 5. Bd3 Bb7 6. c3 Nbd7 7. Nbd2 h6 8. O-O
g5 9. Bg3 h5 10. h4 g4 11. Ng5 Qe7 12. Qa4 a6 13. Nde4 Nxe4 14. Bxe4 d5 15. Bd3
Qd8 16. e4 dxe4 17. Bxe4 Bxe4 18. Nxe4 Be7 19. Qc6 Rc8 20. Rae1 Kf8 21. Ng5 Bxg5
22. hxg5 h4 23. Bf4 h3 24. g3 Nb8 25. Qe4 Qd5 26. Qxd5 exd5 27. Re3 Re8 28.
Rxe8+ Kxe8 29. Bxc7 Kd7 30. Bxb6 Nc6 31. Re1 Rg8 32. b4 Rxg5 33. a4 Rf5 34. Re2
Rf3 35. Re3 Rxe3 36. fxe3 Ne7 37. Bc5 Nf5 38. Kf2 Nxe3 39. Kg1 Nd1 40. b5 axb5
41. axb5 Nxc3 42. b6 Kc6 43. Kf2 Ne4+ 44. Kg1 Nxg3 45. Kh2 Ne4 46. Kg1 f5 47.
Kh2 f4 48. Kg1 g3 49. Kh1 f3 50. Kg1 h2+ 51. Kh1 Nf2# 0-1

[Event "ch-FRA Blitz Online Qual"]
[Site "Europe-Chess INT"]
[Date "2020.05.16"]
[Round "8"]
[White "Doluhanova, Evgeniya"]
[Black "Alif, Yassine"]
[Result "1-0"]
[WhiteTitle "WGM"]
[WhiteElo "2229"]
[BlackElo "1874"]
[WhiteFideId "14112035"]
[BlackFideId "45107203"]
[EventDate "2020.05.16"]

1. Nf3 Nf6 2. b3 g6 3. Bb2 Bg7 4. e3 O-O 5. c4 d6 6. Nc3 e5 7. d3 Nc6 8. Be2 Ne8
9. O-O f5 10. Rc1 a5 11. a3 g5 12. Qc2 g4 13. Nd2 Rf6 14. f4 Rh6 15. g3 Be6 16.
Rf2 Rg6 17. Nd5 Nf6 18. Nxf6+ Qxf6 19. c5 h5 20. cxd6 cxd6 21. e4 Nd4 22. Bxd4
exd4 23. exf5 Bxf5 24. Ne4 Bxe4 25. dxe4 h4 26. Bc4+ Kh8 27. Bd5 Rh6 28. Qd3 Rb8
29. Rfc2 hxg3 30. Rc8+ Rxc8 31. Rxc8+ Kh7 32. Bg8+ Kh8 33. Be6+ Bf8 34. hxg3
Qxe6 35. Rxf8+ Kg7 36. Rf5 Rh7 37. Qxd4+ Kg8 38. Qd5 Rh6 39. Kf2 Kg7 40. Rg5+
Kf7 41. Ke3 Qxd5 42. Rxd5 Rg6 43. f5 Rf6 44. Kf4 Ke7 45. Rxa5 Rf7 46. Rb5 Rg7
47. Rxb7+ Kf6 48. Rxg7 Kxg7 49. Kxg4 1-0

[Event "ch-FRA Blitz Online Qual"]
[Site "Europe-Chess INT"]
[Date "2020.05.16"]
[Round "8"]
[White "Kieffer, Anatole"]
[Black "Delorme, Alban"]
[Result "0-1"]
[BlackTitle "FM"]
[WhiteElo "2094"]
[BlackElo "2322"]
[WhiteFideId "20650027"]
[BlackFideId "623636"]
[EventDate "2020.05.16"]

1. e4 c5 2. Nf3 Nc6 3. d4 cxd4 4. Nxd4 Nf6 5. Nc3 d6 6. Be2 Nxd4 7. Qxd4 g6 8.
Bg5 Bg7 9. Nd5 O-O 10. Nxf6+ exf6 11. Bf4 f5 12. Qb4 Re8 13. f3 fxe4 14. fxe4 a5
15. Qxd6 Qxd6 16. Bxd6 Rxe4 17. c3 Bg4 0-1

[Event "ch-FRA Blitz Online Qual"]
[Site "Europe-Chess INT"]
[Date "2020.05.16"]
[Round "8"]
[White "Pucher, Sebastien"]
[Black "Massiani, Xavier"]
[Result "0-1"]
[WhiteTitle "FM"]
[WhiteElo "2322"]
[BlackElo "1781"]
[WhiteFideId "627232"]
[BlackFideId "45145059"]
[EventDate "2020.05.16"]

1. b3 d6 2. Bb2 f5 3. e3 e5 4. d4 e4 5. c4 Nf6 6. f3 d5 7. fxe4 Nxe4 8. Bd3 Qh4+
9. g3 Nxg3 10. Nf3 Qh6 11. Kf2 Nxh1+ 12. Qxh1 dxc4 13. bxc4 Nd7 14. Nc3 c6 15.
Qg2 Nf6 16. h3 Bd6 17. Re1 O-O 18. Kg1 Bd7 19. Ng5 Rae8 20. c5 Bb8 21. Bc4+ Kh8
22. Bc1 Re7 23. e4 Qh4 24. Nf3 Qh5 25. e5 Ne4 26. Nxe4 fxe4 27. Ng5 Bf5 28. Nxe4
Bxe4 29. Rxe4 Qd1+ 30. Kh2 Qxc1 31. Bd3 Qh6 32. Rg4 Ref7 33. Qg3 Rf2+ 34. Kg1
Qc1+ 0-1

[Event "ch-FRA Blitz Online Qual"]
[Site "Europe-Chess INT"]
[Date "2020.05.16"]
[Round "8"]
[White "Saba, Nathalie"]
[Black "Durand-Le Ludec, Brendan-Budok"]
[Result "0-1"]
[WhiteElo "1626"]
[BlackElo "2205"]
[WhiteFideId "26095939"]
[BlackFideId "26064340"]
[EventDate "2020.05.16"]

1. e4 e6 2. d4 d5 3. Nd2 Nc6 4. Ngf3 Nf6 5. e5 Nd7 6. Bd3 f6 7. exf6 Qxf6 8. c3
Bd6 9. Nf1 O-O 10. Ng3 e5 11. Bg5 Qf7 12. Be2 e4 13. Nh4 Qxf2+ 14. Kd2 Bf4+ 0-1

[Event "ch-FRA Blitz Online Qual"]
[Site "Europe-Chess INT"]
[Date "2020.05.16"]
[Round "8"]
[White "Barbaras, Mathieu"]
[Black "Capton, Rafael"]
[Result "1-0"]
[WhiteElo "2200"]
[BlackElo "1737"]
[WhiteFideId "20622910"]
[BlackFideId "36084778"]
[EventDate "2020.05.16"]

1. d4 Nf6 2. Nf3 g6 3. c4 Bg7 4. g3 O-O 5. Bg2 d6 6. O-O Nbd7 7. Nc3 Re8 8. e4
e5 9. Re1 b6 10. Qc2 Bb7 11. d5 a5 12. a3 a4 13. Nxa4 Nxe4 14. Rxe4 f5 15. Re1
e4 16. Ng5 Nf8 17. Nc3 h6 18. Nh3 Nd7 19. Nf4 Ne5 20. Ne6 Qe7 21. Nxg7 Qxg7 22.
b3 Nd3 23. Bb2 Nxe1 24. Rxe1 Qf7 25. Nb5 Ba6 26. Nd4 Bb7 27. Ne6 Rxe6 28. dxe6
Qxe6 29. Qc3 Kf8 30. Qh8+ Ke7 31. Qg7+ Kd8 32. Bf6+ Kc8 33. a4 Bc6 34. Qxg6 Kb7
35. Qxh6 d5 36. Bg5 Qe5 37. Bf4 Qc3 38. Rc1 Qxb3 39. cxd5 Qxd5 40. Qg7 Rxa4 41.
Qxc7+ Ka6 42. Bf1+ Bb5 43. Qc8+ Ka5 44. Bd2+ Rb4 45. Ra1+ Ba4 46. Qa6# 1-0

[Event "ch-FRA Blitz Online Qual"]
[Site "Europe-Chess INT"]
[Date "2020.05.16"]
[Round "8"]
[White "Trevisiol, Antoine"]
[Black "Bouget, Alexandre"]
[Result "0-1"]
[BlackTitle "FM"]
[WhiteElo "1788"]
[BlackElo "2238"]
[WhiteFideId "45136530"]
[BlackFideId "681318"]
[EventDate "2020.05.16"]

1. d4 Nf6 2. c4 g6 3. Nc3 d5 4. cxd5 Nxd5 5. Bd2 Bg7 6. e4 Nxc3 7. Bxc3 c5 8. d5
Bxc3+ 9. bxc3 Qd6 10. Qd2 e6 11. Bb5+ Bd7 12. Bxd7+ Nxd7 13. Nf3 exd5 14. exd5
O-O 15. O-O b5 16. Rab1 a6 17. Rfe1 Nf6 18. Rbd1 Rfe8 19. Rxe8+ Rxe8 20. Qh6 Re4
21. h3 Re2 22. Ng5 Qf4 23. Rf1 Re5 24. d6 Rxg5 25. Rd1 Rxg2+ 26. Kxg2 Qxh6 27.
d7 Qg5+ 28. Kf1 Nxd7 29. Rxd7 Qc1+ 30. Kg2 Qxc3 31. Rd8+ Kg7 32. Ra8 a5 33. Rb8
Qc4 0-1

[Event "ch-FRA Blitz Online Qual"]
[Site "Europe-Chess INT"]
[Date "2020.05.16"]
[Round "8"]
[White "Pichon, Ewen"]
[Black "Maisuradze, Nino"]
[Result "0-1"]
[BlackTitle "WGM"]
[WhiteElo "1821"]
[BlackElo "2214"]
[WhiteFideId "45155593"]
[BlackFideId "13601717"]
[EventDate "2020.05.16"]

1. d4 Nf6 2. c4 e6 3. Nc3 c5 4. d5 exd5 5. cxd5 d6 6. e4 g6 7. f4 Bg7 8. Bb5+
Nfd7 9. a4 O-O 10. Nf3 Na6 11. O-O Nb4 12. Bd3 Nxd3 13. Qxd3 Re8 14. Bd2 Qb6 15.
a5 Qd8 16. Kh1 Rb8 17. f5 Ne5 18. Nxe5 Bxe5 19. fxg6 hxg6 20. Qf3 Rf8 21. Bh6
Qh4 22. Bf4 Bxf4 23. Qxf4 Qxf4 24. Rxf4 b5 25. axb6 axb6 26. Nb5 Rd8 27. Ra7 f5
28. exf5 Bxf5 29. g4 Bd7 30. Nxd6 Bxg4 31. Nf7 Bf5 32. Nxd8 Rxd8 33. Rb7 Rd6 34.
Kg2 Rxd5 35. Rxb6 Rd2+ 36. Rf2 Rd4 37. Rb5 c4 38. Rc5 Kg7 39. Kg3 Kf6 40. h4
Rg4+ 41. Kh3 Rg1+ 42. Kh2 Rg4 43. h5 Rh4+ 44. Kg3 Rh3+ 45. Kg2 Rxh5 46. Rxc4
Rg5+ 47. Kf3 Rg1 48. Rc6+ Kg5 49. Rg2+ Rxg2 50. Kxg2 Be4+ 0-1

[Event "ch-FRA Blitz Online Qual"]
[Site "Europe-Chess INT"]
[Date "2020.05.16"]
[Round "8"]
[White "Ioannidis, Evgenios"]
[Black "Dazi, Adam"]
[Result "1-0"]
[WhiteTitle "IM"]
[WhiteElo "2401"]
[BlackElo "1336"]
[WhiteFideId "4229274"]
[BlackFideId "45106959"]
[EventDate "2020.05.16"]

1. d4 d5 2. c4 c6 3. Nf3 Nf6 4. Nc3 e6 5. Bg5 Nbd7 6. e3 Bb4 7. Qb3 Ba5 8. cxd5
cxd5 9. Bd3 Bxc3+ 10. Qxc3 O-O 11. O-O b6 12. Rfc1 Bb7 13. Qc7 Qxc7 14. Rxc7
Rab8 15. Rac1 Rfc8 16. Bf4 Rxc7 17. Rxc7 h6 18. Bb5 Nf8 19. Re7 Ng6 20. Bxb8
Nxe7 21. Bxa7 Nc8 22. Bb8 Ne8 23. Bxe8 Kf8 24. Bb5 Ke7 25. Ne5 f6 26. Nc6+ Bxc6
27. Bxc6 Nd6 28. Bxd6+ Kxd6 29. Bb5 e5 30. f3 f5 31. g4 g6 32. gxf5 gxf5 33. f4
exd4 34. exd4 Ke6 35. Kf2 Kf6 36. Kg3 Ke6 37. Kh4 Kf6 38. Kh5 Kg7 39. b4 Kh7 40.
a4 Kg7 41. a5 1-0

[Event "ch-FRA Blitz Online Qual"]
[Site "Europe-Chess INT"]
[Date "2020.05.16"]
[Round "8"]
[White "Menjra, Yanis"]
[Black "Bailet, Pierre"]
[Result "0-1"]
[BlackTitle "IM"]
[WhiteElo "1489"]
[BlackElo "2500"]
[WhiteFideId "45155500"]
[BlackFideId "655830"]
[EventDate "2020.05.16"]

1. d4 Nf6 2. Nf3 g6 3. Bf4 Bg7 4. e3 O-O 5. Be2 d6 6. O-O b6 7. c3 Bb7 8. Nbd2
Ne4 9. Nxe4 Bxe4 10. Nd2 Bb7 11. Bf3 Qc8 12. Bxb7 Qxb7 13. Qf3 Qxf3 14. Nxf3 c5
15. Rfe1 Nc6 16. Rad1 Rfc8 17. dxc5 bxc5 18. Re2 a5 19. a4 Rab8 20. e4 Rb3 21.
h3 h6 22. e5 g5 23. Bg3 dxe5 24. Nxe5 Bxe5 25. Bxe5 f6 26. Bg3 e5 27. Rd6 Kf7
28. Rd7+ Ke6 29. Red2 Nd4 30. Rh7 Nf5 31. Bh2 Rcb8 32. g4 Nd6 33. Rxh6 Rxb2 34.
Rd1 Rb1 35. Rxb1 Rxb1+ 36. Kg2 Ra1 37. Rh7 Rxa4 38. Rc7 Rc4 39. Ra7 a4 40. f3
Nb5 41. Ra6+ Kf7 42. Bg1 Nxc3 43. Ra7+ Kg6 44. Ra5 Nd5 45. Bxc5 Nf4+ 46. Kg3 Rc2
47. Bf2 Nxh3 48. Kxh3 Rxf2 49. Rxa4 Rxf3+ 50. Kg2 Rf4 51. Kg3 Rxa4 0-1

[Event "ch-FRA Blitz Online Qual"]
[Site "Europe-Chess INT"]
[Date "2020.05.16"]
[Round "8"]
[White "Miralles, Gilles"]
[Black "Djidjeli, Sofiane"]
[Result "1-0"]
[WhiteTitle "GM"]
[WhiteElo "2418"]
[BlackElo "2209"]
[WhiteFideId "600059"]
[BlackFideId "36067520"]
[EventDate "2020.05.16"]

1. d4 d5 2. c4 c6 3. Nc3 Nf6 4. Qb3 g6 5. Nf3 Bg7 6. g3 O-O 7. Bg2 Qb6 8. c5
Qxb3 9. axb3 Na6 10. Bf4 Nh5 11. Be3 f5 12. Bf4 Nxf4 13. gxf4 Be6 14. Kd2 h6 15.
h4 Bf6 16. Ra4 Kg7 17. Rha1 Kf7 18. e3 Rg8 19. Bf1 Bc8 20. b4 g5 21. hxg5 hxg5
22. fxg5 Bxg5 23. b5 cxb5 24. Bxb5 e6 25. c6 Nc7 26. Rxa7 Rxa7 27. Rxa7 Nxb5 28.
Nxb5 Bd8 29. cxb7 1-0

[Event "ch-FRA Blitz Online Qual"]
[Site "Europe-Chess INT"]
[Date "2020.05.16"]
[Round "8"]
[White "Joie, Sebastien"]
[Black "Kollar, Romain"]
[Result "1-0"]
[WhiteTitle "IM"]
[WhiteElo "2393"]
[BlackElo "2205"]
[WhiteFideId "650420"]
[BlackFideId "36017981"]
[EventDate "2020.05.16"]

1. d4 Nf6 2. c4 c5 3. d5 e6 4. Nc3 exd5 5. cxd5 d6 6. Nf3 g6 7. g3 Bg7 8. Bg2
O-O 9. O-O Re8 10. Re1 Bg4 11. Nd2 Qd7 12. a4 Na6 13. Nc4 Nh5 14. Nb5 Bf8 15.
Bg5 h6 16. Bd2 Nb4 17. Bc3 b6 18. Qd2 Rab8 19. Bxb4 cxb4 20. Qxb4 Bxe2 21. Nd4
Bxc4 22. Qxc4 Nf6 23. Nc6 Rbc8 24. b4 Bg7 25. Rad1 Rxe1+ 26. Rxe1 Ng4 27. Ne7+
Qxe7 28. Qxc8+ Qf8 29. Re8 1-0

[Event "ch-FRA Blitz Online Qual"]
[Site "Europe-Chess INT"]
[Date "2020.05.16"]
[Round "8"]
[White "Efimov, Igor"]
[Black "Mekhane, Adam"]
[Result "1-0"]
[WhiteTitle "GM"]
[WhiteElo "2409"]
[BlackElo "2013"]
[WhiteFideId "806404"]
[BlackFideId "36050601"]
[EventDate "2020.05.16"]

1. d4 Nf6 2. Bg5 d5 3. Nd2 c5 4. e3 Nc6 5. c3 e6 6. f4 Be7 7. Ngf3 Ne4 8. Bxe7
Qxe7 9. Nxe4 dxe4 10. Nd2 f5 11. Bb5 Bd7 12. O-O O-O 13. Nc4 Rad8 14. Qb3 cxd4
15. cxd4 Nb4 16. Bxd7 Rxd7 17. Ne5 Rc7 18. Rfc1 Rfc8 19. Rxc7 Rxc7 20. a3 Nd5
21. g3 Qd8 22. Rd1 Qc8 23. Rd2 Rc1+ 24. Kg2 b6 25. h3 Qa6 26. Rf2 Qc8 27. g4 Re1
28. gxf5 Nxe3+ 29. Kh2 Nxf5 30. Rc2 Qe8 31. Qc3 Re3 32. Qc8 Kf8 33. Qb7 Ne7 34.
Rc7 Re2+ 35. Kg1 Rxb2 36. Nd7+ Kg8 37. Ne5 Kf8 38. Qxa7 e3 39. Rb7 e2 40. Kf2
Nc8 41. Qb8 Rb1 42. Kxe2 Qb5+ 43. Kf3 Qd5+ 44. Kg4 Qg2+ 45. Kh4 Qf2+ 46. Kg5
Rg1+ 47. Ng4 h6+ 48. Kg6 Qc2+ 49. Kh5 Qf5+ 50. Kh4 g5+ 51. Kh5 gxf4+ 52. Kxh6 e5
53. Qxe5 Qf7 54. Rxf7+ Kxf7 55. Qxf4+ 1-0

[Event "ch-FRA Blitz Online Qual"]
[Site "Europe-Chess INT"]
[Date "2020.05.16"]
[Round "8"]
[White "Robert, Mathias"]
[Black "Di Nicolantonio, Lucas"]
[Result "0-1"]
[BlackTitle "IM"]
[WhiteElo "2140"]
[BlackElo "2414"]
[WhiteFideId "26066769"]
[BlackFideId "680460"]
[EventDate "2020.05.16"]

1. e4 c5 2. Nf3 d6 3. d4 cxd4 4. Nxd4 Nf6 5. Nc3 a6 6. Bg5 Nbd7 7. f4 Qc7 8. Qf3
g6 9. Bd3 Bg7 10. Nde2 b5 11. a3 Bb7 12. O-O-O Rc8 13. Kb1 O-O 14. g4 Nc5 15. f5
Qb8 16. h4 a5 17. Bxf6 Bxf6 18. g5 Be5 19. h5 Nxd3 20. Rxd3 b4 21. axb4 axb4 22.
Nd5 Bxd5 23. Rxd5 e6 24. Rd2 Qa7 25. Qh3 Ra8 26. Rdd1 Qa1# 0-1

[Event "ch-FRA Blitz Online Qual"]
[Site "Europe-Chess INT"]
[Date "2020.05.16"]
[Round "8"]
[White "Riff, Vincent"]
[Black "Hamon, Christian"]
[Result "1-0"]
[WhiteTitle "FM"]
[WhiteElo "2405"]
[BlackElo "2015"]
[WhiteFideId "617776"]
[BlackFideId "614327"]
[EventDate "2020.05.16"]

1. e4 Nf6 2. Nc3 d5 3. exd5 Nxd5 4. Nf3 c6 5. d4 Bg4 6. h3 Bh5 7. Be2 Nd7 8.
Nxd5 cxd5 9. O-O e6 10. b3 Be7 11. c4 dxc4 12. bxc4 Bg6 13. d5 exd5 14. cxd5 Bf6
15. Ba3 Be7 16. Bxe7 Qxe7 17. d6 Qf6 18. Bb5 Rd8 19. Re1+ Kf8 20. Bxd7 Rxd7 21.
Rc1 Rd8 22. d7 h6 23. Re8+ 1-0

[Event "ch-FRA Blitz Online Qual"]
[Site "Europe-Chess INT"]
[Date "2020.05.16"]
[Round "8"]
[White "Lambert, Adrien"]
[Black "Jolly, Jean-Francois"]
[Result "0-1"]
[BlackTitle "IM"]
[WhiteElo "2123"]
[BlackElo "2378"]
[WhiteFideId "624772"]
[BlackFideId "634751"]
[EventDate "2020.05.16"]

1. e4 e5 2. f4 exf4 3. Nf3 Nf6 4. e5 Nh5 5. Be2 g6 6. O-O Bg7 7. d4 d6 8. Nc3
O-O 9. Ne4 Nc6 10. exd6 cxd6 11. c3 Re8 12. Neg5 h6 13. Nh3 Bxh3 14. gxh3 g5 15.
Kh1 Nf6 16. Rg1 Ne4 17. Qf1 Ne7 18. h4 Nf5 19. hxg5 hxg5 20. Bd3 f6 21. h4 Nfg3+ 0-1

[Event "ch-FRA Blitz Online Qual"]
[Site "Europe-Chess INT"]
[Date "2020.05.16"]
[Round "8"]
[White "Navrotescu, Catalin"]
[Black "Kantzer, Romain"]
[Result "1-0"]
[WhiteTitle "IM"]
[WhiteElo "2348"]
[BlackElo "1930"]
[WhiteFideId "1200208"]
[BlackFideId "26024640"]
[EventDate "2020.05.16"]

1. d4 Nf6 2. g3 e6 3. Nf3 d5 4. Bg2 c5 5. O-O Nc6 6. c4 cxd4 7. Nxd4 Be7 8. Nxc6
bxc6 9. b3 O-O 10. Bb2 a5 11. Qc2 a4 12. Rd1 Qb6 13. e3 Ba6 14. Nd2 Rfd8 15.
Rac1 Rac8 16. bxa4 dxc4 17. Bf1 Nd5 18. Nxc4 Bxc4 19. Bxc4 Rb8 20. Be5 Ra8 21.
Bb3 Nxe3 22. Rxd8+ Rxd8 23. Qxc6 Qa7 24. Qc7 Rd7 25. Qxa7 Rxa7 26. fxe3 1-0

[Event "ch-FRA Blitz Online Qual"]
[Site "Europe-Chess INT"]
[Date "2020.05.16"]
[Round "8"]
[White "Muller, Anthony"]
[Black "Fardet, Elouan"]
[Result "1-0"]
[WhiteElo "2278"]
[BlackElo "2163"]
[WhiteFideId "20682743"]
[BlackFideId "45163596"]
[EventDate "2020.05.16"]

1. d4 Nf6 2. c4 g6 3. Nc3 Bg7 4. e4 d6 5. Nf3 O-O 6. Be2 Na6 7. O-O e5 8. d5 Nc5
9. Qc2 a5 10. Bg5 h6 11. Be3 Nfd7 12. Nd2 f5 13. f3 f4 14. Bf2 g5 15. b3 h5 16.
a3 Nf6 17. b4 axb4 18. axb4 Rxa1 19. Rxa1 Na6 20. Qb3 g4 21. c5 Nh7 22. c6 gxf3
23. Bxf3 bxc6 24. dxc6+ Kh8 25. Bxh5 Ng5 26. Qc4 Nb8 27. Ra8 Be6 28. Qb5 Nh3+
29. gxh3 Bxh3 30. Bf3 Qg5+ 31. Kh1 Rg8 32. Ba7 Bf6 33. Qe2 Nxc6 34. Rxg8+ Qxg8
35. Bf2 Nd4 36. Bxd4 exd4 37. Nd5 Be5 38. Nc4 c6 39. Nxe5 dxe5 40. Ne7 Qb3 41.
Nxc6 Qb1+ 42. Qd1 Qb3 43. Nxe5 Qxb4 44. Nd3 Qc3 45. Nxf4 Bd7 46. Kg2 Bc6 47. Ne2
Qe3 48. Qxd4+ 1-0

[Event "ch-FRA Blitz Online Qual"]
[Site "Europe-Chess INT"]
[Date "2020.05.16"]
[Round "8"]
[White "Szajbely, Zsigmond"]
[Black "Profili, Emilio"]
[Result "1-0"]
[WhiteTitle "FM"]
[WhiteElo "2260"]
[BlackElo "2053"]
[WhiteFideId "711691"]
[BlackFideId "45160805"]
[EventDate "2020.05.16"]

1. e4 e6 2. d4 d5 3. Nd2 Nf6 4. e5 Nfd7 5. Bd3 c5 6. c3 Nc6 7. Ne2 cxd4 8. cxd4
f6 9. exf6 Nxf6 10. Nf3 Bd6 11. O-O Qc7 12. Bg5 O-O 13. Rc1 Ng4 14. Ng3 h6 15.
Bd2 e5 16. dxe5 Ngxe5 17. Nxe5 Bxe5 18. b3 Qf7 19. Bc3 Be6 20. Bb1 Bxc3 21. Rxc3
d4 22. Qc2 g5 23. Rf3 Qg7 24. Rxf8+ Kxf8 25. f4 g4 26. f5 Bd5 27. f6 Qg8 28.
Qc5+ Ke8 29. Nf5 Rd8 30. Nxh6 Qg5 31. f7+ Kd7 32. f8=Q Rxf8 33. Qxf8 Qe3+ 34.
Qf2 Qxf2+ 35. Rxf2 Ne5 36. Rf5 Kd6 37. Rxe5 Kxe5 38. Nxg4+ Kf4 39. h3 b6 40. Kf2
a5 41. g3+ Kg5 42. Bd3 Bc6 43. Nh2 b5 44. Nf3+ Kf6 45. Nxd4 Bd7 46. g4 b4 47.
Bf5 Be8 48. Ke3 Ke5 49. h4 Kd5 50. h5 Bf7 51. Be6+ Bxe6 52. Nxe6 Kxe6 53. Kd4
Kf6 54. Kc5 Kg5 55. Kb5 a4 56. Kxa4 1-0

[Event "ch-FRA Blitz Online Qual"]
[Site "Europe-Chess INT"]
[Date "2020.05.16"]
[Round "8"]
[White "Richard, Emma"]
[Black "Guezennec, Franck"]
[Result "0-1"]
[WhiteTitle "WFM"]
[WhiteElo "2160"]
[BlackElo "2272"]
[WhiteFideId "657590"]
[BlackFideId "633550"]
[EventDate "2020.05.16"]

1. e4 c5 2. Nf3 d6 3. Bb5+ Bd7 4. Bxd7+ Nxd7 5. O-O Ngf6 6. Qe2 e5 7. c3 Be7 8.
d4 cxd4 9. cxd4 O-O 10. Rd1 exd4 11. Nxd4 Re8 12. Nc3 Bf8 13. Nf5 Nc5 14. Bg5 h6
15. Bxf6 Qxf6 16. Qc2 Rac8 17. Ng3 g6 18. Qd2 h5 19. f3 h4 20. Nge2 h3 21. Nd5
Qe5 22. Qf4 Bg7 23. Qg4 hxg2 24. Kxg2 Qxb2 25. Ne7+ Kf8 26. Nxc8 Qxe2+ 27. Kg1
Bxa1 28. Rxa1 Nd3 29. Nxd6 Qf2+ 30. Kh1 Qd4 31. Rf1 Qxd6 32. Qh4 Kg8 33. Kg1
Qd4+ 34. Kg2 Rc8 35. Qg5 Rc2+ 36. Kh3 Qd7+ 37. Qg4 Nf4+ 0-1

[Event "ch-FRA Blitz Online Qual"]
[Site "Europe-Chess INT"]
[Date "2020.05.16"]
[Round "8"]
[White "Morais, Mario"]
[Black "Louistisserand, Patrick"]
[Result "0-1"]
[BlackTitle "FM"]
[WhiteElo "2061"]
[BlackElo "2245"]
[WhiteFideId "614270"]
[BlackFideId "635049"]
[EventDate "2020.05.16"]

1. d4 Nf6 2. Nc3 c5 3. d5 e6 4. e4 d6 5. Bb5+ Nfd7 6. dxe6 fxe6 7. Bf4 Qb6 8. a4
a6 9. a5 Qc7 10. Bc4 Ne5 11. Bxe5 dxe5 12. Qh5+ g6 13. Qg4 Qe7 14. Nf3 Nc6 15.
O-O Bg7 16. Na4 O-O 17. c3 Rf4 18. Qg3 Nxa5 19. Nb6 Nxc4 20. Nxa8 Rxe4 21. Rfe1
Rxe1+ 22. Rxe1 Qd6 23. b3 Nd2 24. Nxd2 Qxd2 25. Qe3 Qd6 26. Qf3 e4 27. Qxe4 Bxc3
28. Rc1 Bd4 29. h3 Kg7 30. Kf1 Qd5 31. Qxd5 exd5 32. Nb6 Be6 33. Na4 c4 34. bxc4
dxc4 35. Nc3 b5 36. Ne4 b4 37. Nd2 c3 38. Nf3 Bf6 39. Ke2 b3 40. Kd3 Bf5+ 41.
Kc4 b2 42. Re1 b1=Q 43. Rxb1 Bxb1 44. Ne1 c2 0-1

[Event "ch-FRA Blitz Online Qual"]
[Site "Europe-Chess INT"]
[Date "2020.05.16"]
[Round "8"]
[White "Gatineau, Yovann"]
[Black "Gretry, Patrice"]
[Result "1-0"]
[WhiteTitle "FM"]
[WhiteElo "2423"]
[BlackElo "2017"]
[WhiteFideId "26028999"]
[BlackFideId "624675"]
[EventDate "2020.05.16"]

1. e4 e5 2. Nf3 Nc6 3. Bb5 a6 4. Bxc6 dxc6 5. d3 Bd6 6. h3 f6 7. Nbd2 Be6 8. Qe2
Ne7 9. Nc4 b5 10. Ne3 Qd7 11. a4 O-O 12. O-O c5 13. Bd2 c6 14. Bc3 Nc8 15. b3
Bc7 16. Nh4 g6 17. Nf3 Nb6 18. Rfb1 Rfd8 19. Nh2 Bd6 20. Nhg4 Kg7 21. f4 Qc7 22.
Rf1 Nd7 23. f5 Bg8 24. fxg6 hxg6 25. Qf2 Rf8 26. Qh4 Bh7 27. Rf2 Rf7 28. Raf1
Raf8 29. Qh6+ Kh8 30. g3 Qd8 31. Ng2 Qe7 32. Nh4 Rg7 33. Kg2 Kg8 34. axb5 cxb5
35. Ra1 Nb8 36. Qe3 Qb7 37. Nh6+ Kh8 38. Raf1 Be7 39. Ng4 Nd7 40. Nxe5 fxe5 41.
Rxf8+ Bxf8 42. Bxe5 Nxe5 43. Rxf8+ Rg8 44. Qxc5 Qg7 45. Rxg8+ Bxg8 46. Qd6 a5
47. Qc5 Qf6 48. Qxb5 g5 49. Nf5 Bh7 50. Qe8+ Bg8 51. Qh5+ Bh7 52. Qe8+ Bg8 53.
d4 Ng6 54. d5 Qg7 55. Nxg7 Kxg7 56. d6 Bf7 57. Qc8 Ne5 58. d7 Be6 59. d8=Q Bxc8
60. Qxc8 Kf6 61. Qd8+ 1-0

[Event "ch-FRA Blitz Online Qual"]
[Site "Europe-Chess INT"]
[Date "2020.05.16"]
[Round "8"]
[White "Boyer, Mahel"]
[Black "Zniber, Reda"]
[Result "1-0"]
[WhiteTitle "FM"]
[WhiteElo "2294"]
[BlackElo "1986"]
[WhiteFideId "45102422"]
[BlackFideId "36054224"]
[EventDate "2020.05.16"]

1. e4 e6 2. d4 d5 3. exd5 exd5 4. Nf3 Nf6 5. Bd3 Bd6 6. Qe2+ Be6 7. Ng5 Qe7 8.
Nxe6 Qxe6 9. Qxe6+ fxe6 10. Nd2 O-O 11. Nf3 Nc6 12. c3 Rae8 13. O-O e5 14. dxe5
Nxe5 15. Nxe5 Bxe5 16. g3 c6 17. Be3 a6 18. Rfe1 Bd6 19. Bd4 c5 20. Rxe8 Rxe8
21. Be3 Ng4 22. Bd2 Ne5 23. Be2 d4 24. cxd4 cxd4 25. Bf4 Nf7 26. Bf3 Bxf4 27.
gxf4 Re7 28. Rc1 g6 29. Rc8+ Kg7 30. Rb8 Rd7 31. Rxb7 Rxb7 32. Bxb7 a5 33. Be4
Nd6 34. Bd3 Kf6 35. Kg2 Nb7 36. Kf3 Nc5 37. Bc2 h6 38. h4 g5 39. fxg5+ hxg5 40.
h5 Kg7 41. Ke2 Kh6 42. Bg6 g4 43. b3 Kg5 44. Bf7 Kf6 45. Be8 Kg5 46. Bg6 Kf6 47.
Kd2 Kg5 48. Kc2 Kf6 49. a3 1-0

[Event "ch-FRA Blitz Online Qual"]
[Site "Europe-Chess INT"]
[Date "2020.05.16"]
[Round "8"]
[White "Saya, Ethan"]
[Black "Lamaze, Simon"]
[Result "0-1"]
[BlackTitle "CM"]
[WhiteElo "2199"]
[BlackElo "2185"]
[WhiteFideId "26095181"]
[BlackFideId "36069264"]
[EventDate "2020.05.16"]

1. e4 c5 2. Nc3 a6 3. g3 b5 4. Bg2 Bb7 5. d3 e6 6. Nge2 Nf6 7. O-O b4 8. Na4 d6
9. c3 a5 10. a3 Nbd7 11. h3 h6 12. Be3 Qc7 13. Qb3 bxc3 14. bxc3 Be7 15. Rab1
Rb8 16. Qc2 O-O 17. c4 e5 18. f4 Bc6 19. f5 Nh7 20. g4 Bg5 21. Bxg5 hxg5 22.
Nac3 Rxb1 23. Rxb1 Rb8 24. Nd5 Bxd5 25. exd5 Rxb1+ 26. Qxb1 Qb6 27. Qc2 Nhf6 28.
Nc3 Ne8 29. Ne4 f6 30. Kh2 Kf7 31. Kg3 Nc7 32. Bf3 Nf8 33. h4 gxh4+ 34. Kxh4 Nd7
35. Kg3 Nf8 36. Bd1 Ke7 37. Qc1 Nd7 38. Ba4 Nf8 39. g5 Nd7 40. Bxd7 Kxd7 41.
gxf6 gxf6 42. Nxf6+ Kc8 43. Ne4 Ne8 44. f6 Qc7 45. Qg5 Qf7 46. Qf5+ Kc7 47. Qe6
Qg6+ 48. Qg4 Qf7 49. Qg5 Kb6 50. Kh4 Qh7+ 51. Kg3 Qf7 52. a4 Qh7 53. Qh4 Qg6+
54. Qg4 Qh6 0-1